Instituciones y actores del desarrollo territorial en el marco de la globalización

Guardat en:
Dades bibliogràfiques
Format: Llibre
Idioma:espanyol
Publicat: Talcahuano Universidad del Bio-Bio 1999
Matèries:
Etiquetes: Afegir etiqueta
Sense etiquetes, Sigues el primer a etiquetar aquest registre!

MARC

LEADER 00000nam a2200000 a 4500
001 UCN9593
003 CL-VaPUC
005 20210605001608.0
008 011207e19990000CL |||||||||||||||||spa|d
999 |c 298899  |d 298897 
040 |c Pontificia Universidad Católica de Valparaíso 
082 0 4 |a 338.983 INS 1999  |2 21 
245 1 0 |a Instituciones y actores del desarrollo territorial en el marco de la globalización 
260 |a Talcahuano  |b Universidad del Bio-Bio  |c 1999 
300 |a 386 páginas 
500 |a ALGUNOS EJEMPLARES EN INST.DE GEOGRAFIA POR PROY.MINEDUC 
583 |a last modification  |c 20011207 00:00:00  |k Rodrigo Vera 
650 0 |a Desarrollo económico y social   |9 256320 
650 0 |a Regionalización   |9 255465 
650 0 |a Globalización  |9 361930 
651 7 |a CHILE  |2 CL-VaPUC  |9 466146 
942 |c BK  |2 ddc 
945 |d 20011207 00:00:00  |a crobeson 
952 |0 0  |1 0  |2 ddc  |4 0  |6 338_983000000000000_INS_1999  |7 0  |8 A  |9 354901  |a BIBING  |b BIBING  |d 2019-11-21  |i 3782522  |o 338.983 INS 1999  |p 3782522  |r 2025-01-20  |t 1  |w 2019-11-21  |y BK  |k GEO